LEADER 00965nam0-22002891i-450 001 990001759860403321 005 20190529131353.0 035 $a000175986 035 $aFED01000175986 035 $a(Aleph)000175986FED01 035 $a000175986 100 $a20030910d1979----km-y0itay50------ba 101 0 $aeng 200 1 $a<>genus Elymus in Canada-Bowden' generic concept and key reappraised and relectotypification of E. canadensis$fBernard R. Baum 210 $aOttawa$c...$d1979. 215 $ap. 946-951$d25 cm 300 $aEstr. da: Canadian Journal of botany, 57(8),1979. 610 0 $aBotanica 676 $a581 700 1$aBaum,$bBernard R.$015705 801 0$aIT$bUNINA$gRICA$2UNIMARC 901 $aLG 912 $a990001759860403321 952 $a60 OP. 125/25$b47693$fFAGBC 959 $aFAGBC 996 $aGenus Elymus in Canada-Bowden' generic concept and key reappraised and relectotypification of E. canadensis$9362583 997 $aUNINA LEADER 03048nam 22004095a 450 001 9910151928103321 005 20111229234510.0 010 $a3-03719-575-4 024 70$a10.4171/075 035 $a(CKB)3710000000953877 035 $a(CH-001817-3)144-111229 035 $a(PPN)178156027 035 $a(EXLCZ)993710000000953877 100 $a20111229j20120102 fy 0 101 0 $aeng 135 $aurnn|mmmmamaa 181 $ctxt$2rdacontent 182 $cc$2rdamedia 183 $acr$2rdacarrier 200 10$aDecorated Teichmu?ller Theory$b[electronic resource] /$fRobert C. Penner 210 3 $aZuerich, Switzerland $cEuropean Mathematical Society Publishing House$d2012 215 $a1 online resource (377 pages) 225 0 $aThe QGM Master Class Series (QGM) 330 $aThere is an essentially "tinker-toy" model of a trivial bundle over the classical Teichmu?ller space of a punctured surface, called the decorated Teichmu?ller space, where the fiber over a point is the space of all tuples of horocycles, one about each puncture. This model leads to an extension of the classical mapping class groups called the Ptolemy groupoids and to certain matrix models solving related enumerative problems, each of which has proved useful both in mathematics and in theoretical physics. These spaces enjoy several related parametrizationsleading to a rich and intricate algebro-geometric structure tied to the already elaborate combinatorial structure of the tinker-toy model. Indeed, the natural coordinates give the prototypical examples not only of cluster algebras but also of tropicalization. This interplay of combinatorics and coordinates admits further manifestations, for example, in a Lie theory for homeomorphisms of the circle, in the geometry underlying the Gauss product, in profinite and pronilpotent geometry, in the combinatorics underlying conformal and topological quantum field theories, and in the geometry and combinatorics of macromolecules. This volume gives the story and wider context of these decorated Teichmu?ller spaces as developed by the author over the last two decades in a series of papers, some of them in collaboration. Sometimes correcting errors or typos, sometimes simplifying proofs and sometimes articulating more general formulations than the original research papers, this volume is self-contained and requires little formal background. Based on a master's course at Aarhus University, it gives the first treatment of these works in monographic form. 606 $aComplex analysis$2bicssc 606 $aFunctions of a complex variable$2msc 606 $aSeveral complex variables and analytic spaces$2msc 615 07$aComplex analysis 615 07$aFunctions of a complex variable 615 07$aSeveral complex variables and analytic spaces 686 $a30-xx$a32-xx$2msc 700 $aPenner$b Robert C.$01070707 801 0$bch0018173 906 $aBOOK 912 $a9910151928103321 996 $aDecorated Teichmu?ller Theory$92564803 997 $aUNINA LEADER 01904nam 2200601Ia 450 001 9910783397603321 005 20230607215334.0 035 $a(CKB)1000000000026901 035 $a(OCoLC)560375872 035 $a(CaPaEBR)ebrary10112691 035 $a(SSID)ssj0000586165 035 $a(PQKBManifestationID)11371903 035 $a(PQKBTitleCode)TC0000586165 035 $a(PQKBWorkID)10627397 035 $a(PQKB)11607110 035 $a(MiAaPQ)EBC3306648 035 $a(WaSeSS)Ind00002125 035 $a(Au-PeEL)EBL3306648 035 $a(CaPaEBR)ebr10112691 035 $a(OCoLC)64549946 035 $a(EXLCZ)991000000000026901 100 $a20030820d2002 uy 0 101 0 $aeng 135 $aurcn||||||||| 181 $ctxt 182 $cc 183 $acr 200 10$aConfiguring highly available clusters using HACMP 4.5$b[electronic resource] /$f[Adrian Demeter ... et al.] 205 $a2nd ed. 210 $aSan Jose, CA $cIBM, International Technical Support Organization$d2002 215 $a1 online resource (308 p.) 225 1 $aIBM redbooks 300 $a"October 2002." 311 $a0-7384-2729-2 320 $aIncludes bibliographical references and index. 410 0$aIBM redbooks. 606 $aParallel computers 606 $aBeowulf clusters (Computer systems) 606 $aIBM software 615 0$aParallel computers. 615 0$aBeowulf clusters (Computer systems) 615 0$aIBM software. 676 $a004/.35 700 $aDemeter$b Adrian$01463476 701 $aDemeter$b Adrian$01463476 712 02$aInternational Business Machines Corporation.$bInternational Technical Support Organization. 801 0$bMiAaPQ 801 1$bMiAaPQ 801 2$bMiAaPQ 906 $aBOOK 912 $a9910783397603321 996 $aConfiguring highly available clusters using HACMP 4.5$93672751 997 $aUNINA